Normal view
MARC view
- Ram S. Gupta
Entry Personal Name
001 - CONTROL NUMBER
- control field: 1015
003 - CONTROL NUMBER IDENTIFIER
- control field: OSt
005 - DATE AND TIME OF LATEST TRANSACTION
- control field: 20160718162929.0
008 - FIXED-LENGTH DATA ELEMENTS
- fixed length control field: 160718|| aca||aabn | a|a d
040 ## - CATALOGING SOURCE
- Original cataloging agency: OSt
- Transcribing agency: OSt
100 ## - HEADING--PERSONAL NAME
- Personal name: Ram S. Gupta
670 ## - SOURCE DATA FOUND
- Source citation: Work cat.: (OSt): Ram S. Gupta , Principles of Structural Design: Wood, Steel, and Concrete, 2011
